[Event "Milan Province-ch"]
[Site "Milan"]
[Date "2008.02.10"]
[Round "3"]
[White "Vece, Luigi"]
[Black "Zermian, Federico"]
[Result "0-1"]
[WhiteElo "1646"]
[BlackElo "1545"]
[PlyCount "90"]
[EventDate "2008.02.02"]
[EventType "swiss"]
[EventRounds "5"]
[EventCountry "ITA"]
[SourceTitle "EXT 2011"]
[Source "ChessBase"]
[SourceDate "2010.11.26"]
[SourceVersion "1"]
[SourceVersionDate "2010.11.26"]
[SourceQuality "1"]

1. c4 c5 2. Nf3 Nf6 3. d4 cxd4 4. Nxd4 e5 5. Nb3 d5 6. cxd5 Qxd5 7. Qxd5 Nxd5 8. e4 Bb4+ 9. Bd2 Bxd2+ 10. N1xd2 Nb6 11. Be2 Nc6 12. 0-0 0-0 13. Rac1 Be6 14. a3 Rfd8 15. Nc4 Nxc4 16. Bxc4 Bxc4 17. Rxc4 Rac8 18. Rfc1 Ne7 19. Rxc8 Rxc8 20. Rxc8+ Nxc8 21. Kf1 Nd6 22. f3 Nc4 23. Nc5 b6 24. Nd3 f6 25. a4 a5 26. Ke2 Kf7 27. b3 Nd6 28. Kd2 Ke7 29. Kc3 Kd7 30. b4 Kc7 31. bxa5 bxa5 32. Nc5 g5 33. Ne6+ Kc6 34. Nf8 h5 35. Nh7 Ne8 36. g3 g4 37. fxg4 hxg4 38. Nf8 Nd6 39. Ng6 Nxe4+ 40. Kb3 Nc5+ 41. Ka3 e4 42. Nf4 e3 43. Ne2 Kd5 44. Nf4+ Ke4 45. Ne2 Kf3 0-1

[Event "Milan Province-ch"]
[Site "Milan"]
[Date "2008.02.10"]
[Round "2"]
[White "Zermian, Federico"]
[Black "Myftaraj, Ylli"]
[Result "1/2-1/2"]
[WhiteElo "1545"]
[BlackElo "1554"]
[PlyCount "114"]
[EventDate "2008.02.02"]
[EventType "swiss"]
[EventRounds "5"]
[EventCountry "ITA"]
[SourceTitle "EXT 2011"]
[Source "ChessBase"]
[SourceDate "2010.11.26"]
[SourceVersion "1"]
[SourceVersionDate "2010.11.26"]
[SourceQuality "1"]

1. e4 d5 2. exd5 Qxd5 3. d4 e5 4. Be3 Nc6 5. Nc3 Bb4 6. Nge2 Nge7 7. dxe5 Qxd1+ 8. Rxd1 Nxe5 9. a3 Bxc3+ 10. Nxc3 c6 11. Bd4 f6 12. Bxe5 fxe5 13. Bc4 Bf5 14. Bd3 0-0-0 15. Ne4 Kc7 16. Ng5 Rhf8 17. Bxf5 Rxd1+ 18. Kxd1 Rxf5 19. Ne4 Nd5 20. Re1 Nf4 21. g4 Rf7 22. Ng5 Rd7+ 23. Kc1 h6 24. Nf3 Nh3 25. Nxe5 Re7 26. f4 Nxf4 27. Rf1 Ne2+ 28. Kd1 Rxe5 29. Re1 Re4 30. Rxe2 Rxg4 31. Re7+ Kb6 32. Kd2 g5 33. Re3 Rg2+ 34. Re2 Rxe2+ 35. Kxe2 Kc5 36. Kf3 Kd4 37. Kg4 Ke3 38. Kh5 b5 39. Kxh6 g4 40. Kg5 Kf3 41. Kf5 a5 42. b4 a4 43. c3 Kg2 44. Kxg4 Kxh2 45. Kf3 Kg1 46. Ke2 Kg2 47. Kd3 Kf3 48. c4 bxc4+ 49. Kxc4 Ke4 50. b5 cxb5+ 51. Kxb5 Kd5 52. Kb4 Kd4 53. Kb5 Kd5 54. Kxa4 Kc4 55. Ka5 Kc5 56. a4 Kc6 57. Kb4 Kb6 1/2-1/2

[Event "Milan Province-ch"]
[Site "Milan"]
[Date "2008.02.02"]
[Round "1"]
[White "Arboscelli, Gregorio"]
[Black "Zermian, Federico"]
[Result "1-0"]
[WhiteElo "1902"]
[BlackElo "1545"]
[PlyCount "57"]
[EventDate "2008.02.02"]
[EventType "swiss"]
[EventRounds "5"]
[EventCountry "ITA"]
[SourceTitle "EXT 2011"]
[Source "ChessBase"]
[SourceDate "2010.11.26"]
[SourceVersion "1"]
[SourceVersionDate "2010.11.26"]
[SourceQuality "1"]

1. d4 d5 2. c4 e6 3. Nc3 Nf6 4. Bg5 Be7 5. e3 0-0 6. Rc1 h6 7. Bh4 c6 8. Nf3 Nbd7 9. Bd3 Qc7 10. 0-0 dxc4 11. Bxc4 e5 12. Bxf6 Bxf6 13. d5 cxd5 14. Bxd5 a6 15. Ne4 Qb6 16. Qc2 Qb5 17. Rfd1 Qb6 18. Rd3 Qb5 19. Nd6 Qc5 20. Qxc5 Nxc5 21. Rdc3 Be7 22. Nxc8 Raxc8 23. b4 Nd3 24. Rxc8 Nxc1 25. Rxc1 Bxb4 26. Bxb7 Ba5 27. Rc8 Rxc8 28. Bxc8 Bb6 29. e4 1-0

[Event "ITA-ch U20"]
[Site "Bratto"]
[Date "2006.08.27"]
[Round "9"]
[White "Zermian, Federico"]
[Black "Coladangelo, Andrea"]
[Result "1-0"]
[WhiteElo "1560"]
[BlackElo "1548"]
[PlyCount "51"]
[EventDate "2006.08.19"]
[EventType "swiss"]
[EventRounds "9"]
[EventCountry "ITA"]
[SourceTitle "CBM 113 Extra"]
[Source "ChessBase"]
[SourceDate "2006.09.14"]
[SourceVersion "1"]
[SourceVersionDate "2006.09.14"]
[SourceQuality "1"]

1. e4 c5 2. Nc3 Nc6 3. g3 Nf6 4. Bg2 d6 5. d3 g6 6. Be3 Bg7 7. Qd2 Ng4 8. Bf4 Nge5 9. Bh6 0-0 10. h3 e6 11. Nge2 Bd7 12. Bxg7 Kxg7 13. f4 Nxd3+ 14. cxd3 a6 15. a3 f5 16. Rf1 h5 17. h4 Rb8 18. Rb1 Qf6 19. Nd1 Rfc8 20. Qc3 Nd4 21. Ne3 Rc6 22. e5 dxe5 23. Bxc6 Bxc6 24. Qxc5 Nf3+ 25. Rxf3 Bxf3 26. Qc7+ 1-0

[Event "ITA-ch U20"]
[Site "Bratto"]
[Date "2006.08.25"]
[Round "7"]
[White "Zermian, Federico"]
[Black "Battistelli, Alessandro"]
[Result "0-1"]
[WhiteElo "1560"]
[BlackElo "1872"]
[PlyCount "87"]
[EventDate "2006.08.19"]
[EventType "swiss"]
[EventRounds "9"]
[EventCountry "ITA"]
[SourceTitle "CBM 113 Extra"]
[Source "ChessBase"]
[SourceDate "2006.09.14"]
[SourceVersion "1"]
[SourceVersionDate "2006.09.14"]
[SourceQuality "1"]

1. e4 e6 2. d4 d5 3. exd5 exd5 4. Nf3 Bg4 5. Be2 Nd7 6. h3 Bh5 7. Ne5 Bxe2 8. Qxe2 Nxe5 9. Qxe5+ Qe7 10. Qxe7+ Bxe7 11. 0-0 0-0-0 12. b3 Nf6 13. Bb2 Rhe8 14. c4 c6 15. a4 dxc4 16. bxc4 Bb4 17. Ra2 Re2 18. Rd1 Rde8 19. Rf1 Rc2 20. d5 Ree2 21. Ba3 Rxa2 22. Bxb4 Rab2 23. Nc3 Rec2 24. Ba3 Rb3 25. Nb1 Ne4 26. Re1 Nf6 27. g4 Ra2 28. Bd6 Ra1 29. Re7 Rbxb1+ 30. Kg2 Rg1+ 31. Kf3 Rab1 32. c5 Rb3+ 33. Ke2 Rh1 34. g5 Rb2+ 35. Kf3 Nxd5 36. Rxf7 Rb3+ 37. Kg4 h5+ 38. Kxh5 Rbxh3+ 39. Kg6 Rf3 40. Rxg7 Rxf2 41. Rg8+ Kd7 42. Rg7+ Ke6 43. Rxb7 Nf4+ 44. Kg7 0-1

[Event "ITA-ch U20"]
[Site "Bratto"]
[Date "2006.08.23"]
[Round "5"]
[White "Zermian, Federico"]
[Black "Cocuzzi, Edoardo"]
[Result "0-1"]
[WhiteElo "1560"]
[BlackElo "1689"]
[PlyCount "114"]
[EventDate "2006.08.19"]
[EventType "swiss"]
[EventRounds "9"]
[EventCountry "ITA"]
[SourceTitle "CBM 113 Extra"]
[Source "ChessBase"]
[SourceDate "2006.09.14"]
[SourceVersion "1"]
[SourceVersionDate "2006.09.14"]
[SourceQuality "1"]

1. e4 e5 2. Nf3 Nc6 3. Bc4 Bc5 4. c3 d6 5. h3 h6 6. d4 exd4 7. cxd4 Bb6 8. Nc3 Nge7 9. Nd5 Nxd5 10. Bxd5 Ne7 11. Qb3 0-0 12. Bc4 Nc6 13. Qd3 Nb4 14. Qc3 Nc6 15. b4 a5 16. b5 a4 17. Bd2 Na7 18. 0-0 Bd7 19. Rab1 Qe8 20. Rfe1 Bxb5 21. Qb4 Bxc4 22. Qxc4 Qc6 23. Qd3 Rfe8 24. e5 Qd5 25. exd6 Qxd6 26. Bb4 Qd5 27. Rxe8+ Rxe8 28. Qa3 Re2 29. Re1 Rxe1+ 30. Bxe1 Bxd4 31. Qxa4 Nb5 32. Nxd4 Nxd4 33. Qe8+ Kh7 34. Bc3 Qe6 35. Qxe6 Nxe6 36. a4 Kg6 37. g4 Nf4 38. Kh2 Nd5 39. Bd2 c5 40. f4 f5 41. Kg2 c4 42. Kf3 c3 43. Bc1 Nb6 44. a5 Nc4 45. Ke2 h5 46. g5 Nxa5 47. Kd3 Kf7 48. Kxc3 Ke6 49. Kb4 Nc6+ 50. Kb5 Nd4+ 51. Kb6 Ne2 52. Bd2 Kd5 53. Kxb7 Ke4 54. Kc7 Nxf4 55. Bxf4 Kxf4 56. h4 Kg4 57. Kd7 Kxh4 0-1

[Event "ITA-ch U20"]
[Site "Bratto"]
[Date "2006.08.21"]
[Round "3"]
[White "Cantu, Guido"]
[Black "Zermian, Federico"]
[Result "1-0"]
[WhiteElo "1842"]
[BlackElo "1560"]
[PlyCount "49"]
[EventDate "2006.08.19"]
[EventType "swiss"]
[EventRounds "9"]
[EventCountry "ITA"]
[SourceTitle "CBM 113 Extra"]
[Source "ChessBase"]
[SourceDate "2006.09.14"]
[SourceVersion "1"]
[SourceVersionDate "2006.09.14"]
[SourceQuality "1"]

1. e4 e5 2. Nf3 Nc6 3. d4 exd4 4. Nxd4 Nf6 5. Nxc6 bxc6 6. e5 Nd5 7. c4 Nb6 8. Be2 Bb4+ 9. Bd2 Bxd2+ 10. Qxd2 d6 11. exd6 Qxd6 12. 0-0 0-0 13. Rd1 Ba6 14. b3 Rad8 15. Qxd6 cxd6 16. Bf3 d5 17. cxd5 cxd5 18. Nc3 d4 19. Ne4 Bb7 20. Nf6+ gxf6 21. Bxb7 d3 22. Rd2 Rfe8 23. Rad1 Re2 24. Rxe2 dxe2 25. Rxd8+ 1-0

[Event "ITA-ch U20"]
[Site "Bratto"]
[Date "2005.08.26"]
[Round "7"]
[White "Zermian, Federico"]
[Black "Nizzardo, Mattia"]
[Result "1-0"]
[WhiteElo "1500"]
[BlackElo "1718"]
[PlyCount "59"]
[EventDate "2005.08.20"]
[EventType "swiss"]
[EventRounds "9"]
[EventCountry "ITA"]
[SourceTitle "EXT 2006"]
[Source "ChessBase"]
[SourceDate "2005.11.24"]
[SourceVersion "1"]
[SourceVersionDate "2005.11.24"]
[SourceQuality "1"]

1. e4 e5 2. Nf3 Nc6 3. Bc4 Bc5 4. Nc3 Nge7 5. 0-0 0-0 6. d3 h6 7. Be3 Bb6 8. Na4 d6 9. h3 Be6 10. Bb3 Bxb3 11. axb3 Bxe3 12. fxe3 f5 13. Nc3 fxe4 14. dxe4 a6 15. Nh4 Rxf1+ 16. Qxf1 Qf8 17. Qe2 Qf6 18. Qg4 Rf8 19. Ne2 Qf2+ 20. Kh2 Qxe3 21. Ng3 Qf4 22. Qe6+ Qf7 23. Qd7 Nc8 24. Qg4 Nd4 25. Rf1 Qe8 26. Nh5 Ne6 27. Nf6+ Rxf6 28. Rxf6 Nc5 29. Nf5 Nxe4 30. Qxg7# 1-0